Alive EWOWers - 14B - Statistics

General Stats
  • This quiz has been taken 62 times
  • The average score is 73 of 219
Answer Stats
Hint Answer % Correct
3 losered
92%
2 scorb
92%
1 TieTiePerson
92%
7 Dark
88%
5 #1 sigma Rizz lord
84%
24 iRDM
76%
10 J_duude
76%
16 ThePinkBunnyEmpire
76%
22 MayUnderFlowers
72%
47 mazuat
72%
9 Purplegaze
72%
66 Zettex
72%
15 Brandy?
68%
124 Kinderdacat
68%
19 Midnight Light
68%
102 Orange Cary Superfan
68%
61 Owner of the Phattest Dumptruck Imaginable (674kg)
68%
45 tr_
68%
4 X_Ry
68%
13 4DJumpman256
64%
20 Catworld
64%
215 jade
64%
29 xXBombs_AwayXx
64%
70 Cocoa
60%
182 Foxrish
60%
73 PaniniPancake
60%
35 PlasmicTrojan
60%
213 rrrrrrrrrrrrrr...
60%
6 Shorky
60%
44 Cohaki
56%
68 MarioFan
56%
100 Pancake
56%
117 PriceTagFanatic
56%
12 Snoozingnewt
56%
64 iTeoti
52%
76 Pink man
52%
17 Sparrowcat
52%
52 Swift Smartypants
52%
67 The Ilucuthen Empire
52%
25 Xyloba
52%
88 Alternavation
48%
30 ArnoobExtra
48%
170 Chad
48%
58 cloverpepsi
48%
31 Grammar Lee
48%
137 JCL Kaytwo
48%
216 John Dubuc
48%
205 normalben
48%
21 terminatedslime
48%
82 twpaz.
48%
173 Yuakim
48%
75 aaronvx
44%
160 EeveeLuv
44%
8 JujuMas
44%
27 Koopa472
44%
54 Meowicat
44%
132 Neonth
44%
197 Nindragon471
44%
33 recc
44%
18 SinisterShovel
44%
106 WholeNote1
44%
79 YellowElectric
44%
14 CloudySkyes
40%
46 Deckardv
40%
11 GreenieGuest
40%
135 lipu Kijoke
40%
120 Real presidnet of usa!
40%
23 whitecyclosa
40%
177 Amelia, Ameliorator of the Eighty-Three Skies
36%
93 Azurite
36%
77 ConvexProjects
36%
167 CringeCat
36%
90 Funo'
36%
38 goobrey
36%
39 IceKeyHammer
36%
50 kuminda.water.supply
36%
152 Magnetty Girl
36%
56 MineFlex_B
36%
78 Moralitea
36%
146 Nonexistential
36%
28 RainbowKnight
36%
220 Suit Quartz Dice
36%
96 Zaffricious
36%
156 Alley%
32%
163 fonda1515
32%
149 fryuaj
32%
116 garf
32%
51 Gizmote
32%
107 Gman
32%
99 Indigo
32%
40 IntersectingPlanes
32%
113 Ixcors
32%
159 Jac4
32%
42 Juhmatok
32%
169 JustAToadBB
32%
212 Me T. Pickle
32%
129 namdoy
32%
184 One Night
32%
74 Twiggy
32%
125 Verigold
32%
95 #zackd
32%
26 ALITL
28%
118 avocadoexists
28%
144 BFBFan5346
28%
71 Creative Casey
28%
32 DogeBone3
28%
112 Exhalexa
28%
85 FishOnTheInternet
28%
193 FROGLOCK
28%
191 gmo
28%
37 Himo
28%
34 hydrogencitrus
28%
81 italic177
28%
60 Juliansl
28%
36 LemonVenom
28%
41 PoliteCheese1414
28%
219 Shardren
28%
55 sictoabu
28%
114 St4rry_Ski3z
28%
109 stephan12387
28%
62 TaxEvader357
28%
80 YoshiAwesum
28%
153 AnEpik
24%
155 - Celestial19 -
24%
147 cereseries
24%
158 DatHam
24%
165 $EeveeLikesBREAD$
24%
130 Epsilon
24%
84 Graysandwich
24%
59 Heronix
24%
207 jaydene19248
24%
72 Mikl Pickle
24%
141 milster08
24%
201 Naslemi Jones
24%
48 Onchú
24%
111 Parallel Paperbacks
24%
103 pfysche
24%
198 +QuinDex+
24%
179 RAMTurtle
24%
210 s1nblitz
24%
214 Sea Storm
24%
186 TheMJKWorld
24%
69 TrainGoBoom
24%
87 Triko
24%
43 Water Chestnut
24%
86 Yume Flamigiri
24%
166 08_BTR
20%
168 60mo
20%
89 Algotistic
20%
128 Blue Gelatin
20%
97 BrokenSink
20%
211 CarbonFiber
20%
53 Charito
20%
199 CrowB#
20%
178 EarthenOchre
20%
94 exxpired dye
20%
119 geobica
20%
190 hyfin
20%
200 Maildropfolder
20%
185 Meptune
20%
49 Nerdy Gal
20%
175 Nihonium_LTE
20%
98 notexi
20%
65 Paintspot Infez
20%
83 PengiQuin
20%
196 random.123
20%
122 Remy
20%
172 smoov22
20%
115 SooperHighper
20%
57 Srimochi
20%
176 supernova16
20%
134 Terrasol
20%
150 ToffeeLime
20%
142 Augie279
16%
183 Bazinga_9000
16%
136 Blaze
16%
174 Cpink
16%
121 Daquan Huang
16%
123 Daylune
16%
194 definitelynot.
16%
181 Filipino Mathematician 23
16%
189 Fred Something
16%
110 Lyrical TyrAnt
16%
148 MysteriousGrimReaper
16%
108 PG2K
16%
203 Pyos
16%
208 springymint
16%
151 thedogegamer90
16%
91 Twisted Taft
16%
161 AlexExists
12%
139 ashaisasmasha
12%
101 cashedcredits
12%
157 Cube492
12%
188 DatFatCat137
12%
218 DewgongFTW
12%
105 Evolt
12%
192 fane757
12%
187 girlbossed.
12%
154 HexaForce
12%
143 MelnSlce
12%
209 Metagross_HRV
12%
63 Mitochondrial Bob
12%
140 MoltenAshes
12%
217 napptapp
12%
180 PizzaEnjoyer
12%
133 pokeysoda
12%
131 ShadowFlames
12%
138 smil
12%
171 Ballam
8%
126 Flambeetle
8%
202 Jaydi Kiwi
8%
104 Laurceny
8%
162 ThePianoGuru
8%
204 BrendanTW
4%
127 Chew804
4%
195 Dumb Stuff
4%
145 Earth Plume
4%
206 LedybruhGuy
4%
164 ThatShowGuy
4%
No matching quizzes found
Score Distribution
Percent of People with Each Score
Percentile by Number Answered
Your Score History
You have not taken this quiz